Septima reunión de la Conferencia de las partes contratantes en la Convención sobre los Humedales (RAMSAR Irán, 1971) (Registro nro. 1814)

Detalles MARC
000 -CABECERA
Campo de control 01042nam a2200265 a 4500
005 - FECHA Y HORA DE LA ULTIMA TRANSACCION
Campo de control 20180803164935.0
008 - ELEMENTOS DE LONGITUD FIJA—INFORMACION GENERAL
Campo de control 140303b1999 ir ||||fr|||| 10| 0 spa d
040 ## - FUENTE DE CATALOGACIÓN
Agencia catalogadora original CO-BoIAVH
Agencia transcriptora CO-BoIAVH
041 ## - IDIOMA
Código de idioma para texto/pista de sonido o título separado Español
082 04 - NUMERO DE CLASIFICACION DECIMAL DEWEY
Número de clasificación 333.91813
Número del ítem C76p
111 2# - ASIENTO PRINCIPAL--NOMBRE DE REUNION
Nombre de reunión o de jurisdicción como elemento de entrada Conferencia de las partes contratantes en la Convención sobre los Humedales (RAMSAR Irán, 1971)
Lugar de la reunión San José (Costa Rica)
Fecha de la reunión 1999, Mayo 10 al 18
Número de la parte/sección/reunión 7
245 10 - MENCION DE TITULO
Título Septima reunión de la Conferencia de las partes contratantes en la Convención sobre los Humedales (RAMSAR Irán, 1971)
260 ## - PUBLICACION, DISTRIBUCION, ETC. (PIE DE IMPRENTA)
Lugar de publicación, distribución, etc. San José:
Nombre del editor, distribuidor, etc. Ramsar,
Fecha de publicación, distribución, etc. 1999.
300 ## - DESCRIPCION FISICA
Extensión 3 vol. ;
Dimensiones 30 x 21 cm.
611 2# - ASIENTO SECUNDARIO DE MATERIA - NOMBRE DE LA REUNION
Nombre de la reunión o nombre de la jurisdicción como elemento de entrada Convención RAMSAR
650 #6 - ASIENTO SECUNDARIO DE MATERIA - TERMINO TEMATICO
Término temático o nombre geográfico como elemento de entrada Humedales
650 #6 - ASIENTO SECUNDARIO DE MATERIA - TERMINO TEMATICO
Término temático o nombre geográfico como elemento de entrada Humedales
Subdivisión general Legislación
650 #6 - ASIENTO SECUNDARIO DE MATERIA - TERMINO TEMATICO
Término temático o nombre geográfico como elemento de entrada Humedales
Subdivisión general Uso sostenible
650 #6 - ASIENTO SECUNDARIO DE MATERIA - TERMINO TEMATICO
Término temático o nombre geográfico como elemento de entrada Humedales
Subdivisión general Especies invasoras
650 #4 - ASIENTO SECUNDARIO DE MATERIA - TERMINO TEMATICO
Término temático o nombre geográfico como elemento de entrada Cooperación internacional
650 #6 - ASIENTO SECUNDARIO DE MATERIA - TERMINO TEMATICO
Término temático o nombre geográfico como elemento de entrada Conservación de ecosistemas
650 #6 - ASIENTO SECUNDARIO DE MATERIA - TERMINO TEMATICO
Término temático o nombre geográfico como elemento de entrada Política ambiental
650 #6 - ASIENTO SECUNDARIO DE MATERIA - TERMINO TEMATICO
Término temático o nombre geográfico como elemento de entrada Ecosistemas
942 ## - ELEMENTOS ADICIONALES (KOHA)
Tipo de ítem Libro
Sistema de clasificación Dewey Decimal Classification
Existencias
Withdrawn status Lost status Sistema de Clasificación Damaged status No para préstamo Colección Inventariado Ubicación Permanente Ubicación actual Fecha de adquisición Valor Total Checkouts Número topográfico Inventario / Código de Barras Date last seen Ejemplar Price effective from Forma de adquisición Tipo de material
    Dewey Decimal Classification     General Inventariado 2017 Bogotá Bogotá 24/01/2001 39000.00   LB-333.91813 C76p 002271 04/12/2012 V.1 Ej.1 04/12/2012   Libro
    Dewey Decimal Classification     General Inventariado 2017 Bogotá Bogotá 24/01/2001 39000.00   LB-333.91813 C76p 002272 04/12/2012 V.2 Ej.1 04/12/2012   Libro
    Dewey Decimal Classification     General Inventariado 2017 Bogotá Bogotá 24/01/2001 39000.00   LB-333.91813 C76p 002273 04/12/2012 V.3 Ej.1 04/12/2012   Libro